[Event "Belgrade-chT Quality"]
[Site "Belgrade"]
[Date "2008.11.02"]
[Round "2"]
[White "Damjanovic, Branislav"]
[Black "Radosevic, Nenad"]
[Result "0-1"]
[WhiteElo "2013"]
[BlackElo "2184"]
[PlyCount "66"]
[EventDate "2008.11.01"]
[EventType "team-swiss"]
[EventRounds "11"]
[EventCountry "YUG"]
[SourceTitle "CBM 127 Extra"]
[Source "ChessBase"]
[SourceDate "2009.01.08"]
[SourceVersion "2"]
[SourceVersionDate "2009.01.28"]
[SourceQuality "1"]

1. e4 e6 2. d4 d5 3. Nd2 Nf6 4. e5 Nfd7 5. Bd3 c5 6. c3 Nc6 7. Ne2 cxd4 8. cxd4 f6 9. exf6 Nxf6 10. 0-0 Bd6 11. Nf3 0-0 12. Bg5 Qc7 13. Bh4 Nh5 14. Bg3 Nxg3 15. fxg3 Bd7 16. Rc1 Qb6 17. Kh1 g6 18. Qd2 Rf6 19. a3 Raf8 20. Rfe1 Kg7 21. Bb1 Na5 22. Ba2 Nb3 23. Bxb3 Qxb3 24. Ne5 Bxe5 25. dxe5 Rf2 26. Qb4 Qxb4 27. axb4 Bc6 28. Kg1 d4 29. Nf4 R8xf4 30. gxf4 Rxg2+ 31. Kf1 Rxb2 32. Rc4 Bb5 33. Rec1 Rxb4 0-1

[Event "Belgrade Spring op"]
[Site "Belgrade"]
[Date "2007.04.02"]
[Round "8"]
[White "Karadarevic, Slobodan"]
[Black "Damjanovic, Branislav"]
[Result "0-1"]
[WhiteElo "1817"]
[BlackElo "2066"]
[PlyCount "65"]
[EventDate "2007.03.26"]
[EventType "swiss"]
[EventRounds "9"]
[EventCountry "YUG"]
[SourceTitle "CBM 117 Extra"]
[Source "ChessBase"]
[SourceDate "2007.05.09"]
[SourceVersion "1"]
[SourceVersionDate "2007.05.09"]
[SourceQuality "1"]

1. e4 c5 2. Nf3 d6 3. Bb5+ Nd7 4. e5 a6 5. Bxd7+ Bxd7 6. d4 e6 7. Bg5 Qb6 8. b3 cxd4 9. 0-0 dxe5 10. Nxe5 Bd6 11. Nxd7 Kxd7 12. Nd2 f6 13. Bh4 Ne7 14. Nc4 Qc5 15. f4 b5 16. Nd2 d3+ 17. Bf2 Qxc2 18. Ne4 f5 19. Nxd6 Qxd1 20. Raxd1 Kxd6 21. Rxd3+ Nd5 22. Bd4 Rhg8 23. Be5+ Kd7 24. g4 Raf8 25. Rc1 Rc8 26. Rxc8 Rxc8 27. gxf5 Ke7 28. Kf2 Rc2+ 29. Kg3 g6 30. fxg6 hxg6 31. a3 Ra2 32. Bd4 Kf7 33. Be5 0-1

[Event "Belgrade Spring op"]
[Site "Belgrade"]
[Date "2007.03.28"]
[Round "3"]
[White "Damjanovic, Branislav"]
[Black "Bogavac, Milic"]
[Result "1-0"]
[WhiteElo "2066"]
[BlackElo "1876"]
[PlyCount "86"]
[EventDate "2007.03.26"]
[EventType "swiss"]
[EventRounds "9"]
[EventCountry "YUG"]
[SourceTitle "CBM 117 Extra"]
[Source "ChessBase"]
[SourceDate "2007.05.09"]
[SourceVersion "1"]
[SourceVersionDate "2007.05.09"]
[SourceQuality "1"]

1. d4 Nf6 2. Nf3 Nc6 3. c4 d5 4. Nc3 Bg4 5. e3 e6 6. Be2 dxc4 7. Bxc4 Bd6 8. h3 Bh5 9. Bd2 a6 10. Rc1 0-0 11. 0-0 Ne7 12. e4 Bb4 13. e5 Nd7 14. a3 Ba5 15. Bg5 Qe8 16. Ne4 h6 17. Be3 Nf5 18. Be2 Bg6 19. Bd3 Bb6 20. Qc2 c6 21. Qb3 Rb8 22. g4 Nxe3 23. fxe3 Qe7 24. Rc2 Ba7 25. Rcf2 Nb6 26. Nc5 Bxd3 27. Qxd3 Nd5 28. Rc1 Rfd8 29. Nd2 Nc7 30. Nde4 b6 31. Nxa6 Nxa6 32. Qxa6 c5 33. Nd6 f6 34. Nb5 Rd7 35. Rcf1 cxd4 36. exd4 Rf8 37. exf6 gxf6 38. Nxa7 Rxa7 39. Qxb6 Rb7 40. Qc5 Qg7 41. Qd6 Re7 42. Kh2 Ref7 43. b4 e5 1-0

[Event "Belgrade Spring op"]
[Site "Belgrade"]
[Date "2005.04.01"]
[Round "8"]
[White "Damjanovic, Branislav"]
[Black "Novovic, Veljko"]
[Result "1/2-1/2"]
[WhiteElo "2097"]
[BlackElo "1791"]
[PlyCount "59"]
[EventDate "2005.03.25"]
[EventType "swiss"]
[EventRounds "9"]
[EventCountry "YUG"]
[SourceTitle "CBM 105 Extra"]
[Source "ChessBase"]
[SourceDate "2005.05.01"]
[SourceVersion "1"]
[SourceVersionDate "2005.05.01"]
[SourceQuality "1"]

1. e4 d6 2. d4 Nf6 3. Nc3 g6 4. Be3 Bg7 5. Nf3 Nbd7 6. Bc4 0-0 7. Qd2 Ng4 8. Bg5 h6 9. Bh4 c5 10. h3 cxd4 11. Nd5 Ngf6 12. Nxf6+ Nxf6 13. Bxf6 Bxf6 14. Qxh6 Qa5+ 15. Qd2 Qc5 16. Bb3 a5 17. a3 Bd7 18. 0-0-0 Rac8 19. Ne1 Bb5 20. Kb1 a4 21. Ba2 Rc6 22. h4 Bc4 23. Bxc4 Qxc4 24. Qd3 Qc5 25. f3 b5 26. Qd2 Rfc8 27. g4 d5 28. Rh2 dxe4 29. fxe4 Qe5 30. Qd3 1/2-1/2

[Event "Belgrade Spring op"]
[Site "Belgrade"]
[Date "2005.03.28"]
[Round "4"]
[White "Damjanovic, Branislav"]
[Black "Bozovic, Vladimir"]
[Result "1-0"]
[WhiteElo "2097"]
[BlackElo "2186"]
[PlyCount "83"]
[EventDate "2005.03.25"]
[EventType "swiss"]
[EventRounds "9"]
[EventCountry "YUG"]
[SourceTitle "CBM 105 Extra"]
[Source "ChessBase"]
[SourceDate "2005.05.01"]
[SourceVersion "1"]
[SourceVersionDate "2005.05.01"]
[SourceQuality "1"]

1. e4 c5 2. Nf3 d6 3. d4 cxd4 4. Nxd4 Nf6 5. Nc3 g6 6. Be3 Bg7 7. f3 Nc6 8. Qd2 0-0 9. Bc4 Bd7 10. Bb3 Rc8 11. 0-0-0 Ne5 12. g4 Nc4 13. Bxc4 Rxc4 14. h4 h5 15. g5 Nh7 16. Nde2 Qa5 17. Bd4 Rfc8 18. Bxg7 Kxg7 19. Kb1 b5 20. Nd5 Qd8 21. c3 Nf8 22. Ne3 R4c5 23. f4 a5 24. Rhf1 b4 25. f5 Bb5 26. cxb4 axb4 27. Rf2 Bxe2 28. Qxe2 Qc7 29. Qd2 Re5 30. Qxb4 Rb8 31. Qd4 Qb7 32. Nd5 Kg8 33. Rc1 Ra8 34. b3 Ra5 35. Rfc2 Raxd5 36. exd5 gxf5 37. Rc7 Qa6 38. Qd1 Qb5 39. Rc8 Rxd5 40. Qxh5 Qd3+ 41. R1c2 Qf1+ 42. Kb2 1-0

[Event "Belgrade Spring op"]
[Site "Belgrade"]
[Date "2003.04.01"]
[Round "8"]
[White "Kerecki, Ljubisa"]
[Black "Damjanovic, Branislav"]
[Result "1-0"]
[WhiteElo "2098"]
[BlackElo "2098"]
[PlyCount "61"]
[EventDate "2003.03.25"]
[EventType "swiss"]
[EventRounds "9"]
[EventCountry "YUG"]
[SourceTitle "CBM 093 Extra"]
[Source "ChessBase"]
[SourceDate "2003.05.09"]
[SourceVersion "1"]
[SourceVersionDate "2003.05.09"]
[SourceQuality "1"]

1. e4 c5 2. Nf3 d6 3. d4 cxd4 4. Nxd4 Nf6 5. Nc3 a6 6. Be2 e5 7. Nb3 Be7 8. 0-0 Be6 9. f4 Qc7 10. Bf3 0-0 11. Be3 exf4 12. Bxf4 Nbd7 13. Nd4 Ne5 14. Nxe6 fxe6 15. Kh1 Nfd7 16. Bg4 Qc4 17. Qe2 Qxe2 18. Bxe6+ Kh8 19. Nxe2 Rf6 20. Bd5 Raf8 21. Kg1 b5 22. Bg3 Nb6 23. Bb7 a5 24. Rxf6 Bxf6 25. Rd1 Be7 26. Nd4 Rb8 27. Ba6 Nbc4 28. b3 Ne3 29. Re1 Rb6 30. Bxb5 Nxc2 31. Rc1 1-0